The fall of the house of Usher and other writings : poems, tales, essays and rewiews /

Đã lưu trong:
書目詳細資料
主要作者: Poe, Edgar Allan, 1809-1849.
格式: 圖書
語言:English
出版: London : Penguin Books, 1986.
主題:
標簽: 添加標簽
沒有標簽, 成為第一個標記此記錄!
Thư viện lưu trữ: Mạng thư viện Đại học Đà Nẵng
LEADER 00828cam a2200313 i 4500
001 000045819
003 5018
005 20030318153400.0
008 010220|1986 vm 000 eng
020 |a 0140432914 
040 |a IRC  |c IRC  |d IRC 
041 0 |a eng 
082 1 4 |a 818.3  |b PO-E 
100 1 |a Poe, Edgar Allan,  |d 1809-1849. 
245 0 4 |a The fall of the house of Usher and other writings :  |b poems, tales, essays and rewiews /  |c Edgar Allan Poe. 
260 |a London :  |b Penguin Books,  |c 1986. 
300 |a 539p. 
630 0 4 |a American fiction. 
650 0 4 |a American fiction. 
OWN |a DUT 
999 |a From the UDN01 
TYP |a Monograph 
TYP |a Printed language 
980 |a Mạng thư viện Đại học Đà Nẵng